Luật trọng tài thương mại
Luật này quy định về thẩm quyền của Trọng tài thương mại, các hình thức trọng tài, tổ chức trọng tài, Trọng tài viên; trình tự, thủ tục trọng tài; quyền, nghĩa vụ và trách nhiệm của các bên trong tố tụng trọng tài; thẩm quyền của Tòa án đo...
Đã lưu trong:
| Nhiều tác giả của công ty: | , |
|---|---|
| 格式: | 圖書 |
| 語言: | Undetermined |
| 出版: |
Hà Nội
Chính trị quốc gia
2010
|
| 主題: | |
| 標簽: |
添加標簽
沒有標簽, 成為第一個標記此記錄!
|
| Thư viện lưu trữ: | Trung tâm Học liệu Trường Đại học Cần Thơ |
|---|
| LEADER | 01383nam a2200229Ia 4500 | ||
|---|---|---|---|
| 001 | CTU_159744 | ||
| 008 | 210402s9999 xx 000 0 und d | ||
| 020 | |c 11000 | ||
| 082 | |a 346.59707 | ||
| 082 | |b V308 | ||
| 110 | |a Việt Nam (Cộng hoà xã hội chủ nghĩa) | ||
| 110 | |b Quốc hội | ||
| 245 | 0 | |a Luật trọng tài thương mại | |
| 245 | 0 | |c Việt Nam (Cộng hoà xã hội chủ nghĩa). Quốc hội | |
| 260 | |a Hà Nội | ||
| 260 | |b Chính trị quốc gia | ||
| 260 | |c 2010 | ||
| 520 | |a Luật này quy định về thẩm quyền của Trọng tài thương mại, các hình thức trọng tài, tổ chức trọng tài, Trọng tài viên; trình tự, thủ tục trọng tài; quyền, nghĩa vụ và trách nhiệm của các bên trong tố tụng trọng tài; thẩm quyền của Tòa án đối với hoạt động trọng tài; tổ chức và hoạt động của Trọng tài nước ngoài tại Việt Nam, thi hành phán quyết trọng tài. | ||
| 650 | |a Commercial law,Arbitration and award,Luật thương mại,Trọng tài và hội đồng trọng tài | ||
| 650 | |z Vietnam,Vietnam,Việt Nam,Việt Nam | ||
| 904 | |i Trọng Hải | ||
| 980 | |a Trung tâm Học liệu Trường Đại học Cần Thơ | ||